=LDR 00000nam 2200000 4500 =001 INLIS000000000031900 =005 20130612133936 =008 ***********************************ind** =035 ##$$0010-061300000031900 =041 ##$$a ind =082 ##$$a 372.3 =090 ##$$a 372.3, Rah s =100 ##$$a Rahmantia,Diah =245 ##$$a Sains Untuk Pemula, Energi Dalam Kehudupan, Diah Rahmatia,Pipit Pitriana;Editor,Christina =260 ##$$a 2007 $b Jakarta =300 ##$$a iv,44 hlm, Ilus, 25 cm =650 ##$$a Pendidikan Dasar-Sains =850 ##$$a NBPNMAT